Reptiles and Amphibians Word Chain - Statistics

General Stats
  • This quiz has been taken 45 times
  • The average score is 17 of 30
Answer Stats
Hint Answer % Correct
popular reptile pet native to Australia: bearded_____________ dragon
86%
longest venomous snake king cobra
86%
largest species of lizard komodo dragon
86%
a skink is a type of lizard
86%
Crocodilians include: crocodiles, alligators, caiman and gharial
83%
type of salamander that, in the wild, is only found in Lake Xochimilco in Mexico axolotl
81%
largest species of tortoise Galapagos tortoise
78%
longest species of snake reticulated python
75%
this word in a snake’s common name indicates that it often preys upon other snakes king
72%
largest crocodile species saltwater
72%
largest species of turtle leatherback
67%
extant tuataras are native to New Zealand
67%
there are 2 species of this type of reptile: American and Chinese _____________ alligator
64%
most species of chameleons are found in this country Madagascar
58%
a mudpuppy is a type of salamander
58%
major family of snakes that includes cobras, mambas and coral snakes elapidae
44%
most snakes ______ ______ . The minority are ovoviviparous lay eggs
44%
the scales on a turtle’s shell are called scutes
44%
orders of reptiles: turtles, snakes/lizards, crocodilians and tuatara
44%
species of terrapin in North America diamondback
42%
longest snake species in Africa is the African ________ python rock
42%
many lizards can shed their tail if attacked. This is a _____________ ______________ defense mechanism
39%
the eastern newt, in its juvenile form is called a red _____________ eft
36%
largest species of frog goliath frog
36%
type of snake that Cleopatra was rumored to wear as bracelets (also called a ball python ________ python royal
36%
3 orders of amphibians: frogs & toads, salamanders & newts, and caecilians
33%
reptiles are cold-blooded* , otherwise known as _______________ (*with the exception of the Argentine tegu) ectothermic
33%
Ambystoma maculatum is a species of mole salamander. It’s common name is ______________ salamander yellow-spotted
25%
species of non-venomous snake in the eastern half of the US that people often confuse with a water moccasin northern water snake
22%
axolotls retain their juvenile features. Even as adults, they remain in their larval form. This is called neoteny
14%
No matching quizzes found
Score Distribution
Percent of People with Each Score
Percentile by Number Answered
Your Score History
You have not taken this quiz